| 000 | 00000nam##2200000za#4500 |
| 001 | 9.641590 |
| 003 | CaOODSP |
| 005 | 20241128084218 |
| 007 | cr ||||||||||| |
| 008 | 150407|1958||||xxc|||||o f|0| 0 fre|d |
| 040 | |aCaOODSP|bfre |
| 043 | |an-cn--- |
| 086 | 1 |aA53-882/1958F-PDF |
| 110 | 1 |aCanada. |bService des fermes expérimentales. |
| 245 | 10|aEntreposage des pommes de terre / |h[ressource électronique]|c[par] W.R. Phillips; appendice par N.M. Parks. |
| 250 | |aRevision [i.e. Révision] |
| 260 | |aOttawa - Ontario : |bAgriculture Canada. |cOctobre 1958. |
| 300 | |a20p.|bfigures, photographies |
| 500 | |aPublication historique numérisée par Agriculture et Agroalimentaire Canada. |
| 590 | |a13-17-Supp|b2013-07-25 |
| 691 | 07|aEntreposage|2gcpds |
| 691 | 07|aPomme de terre|2gcpds |
| 691 | 07|aProduit agro-alimentaire|2gcpds |
| 775 | 08|tPotato storage / |w(CaOODSP)9.698233 |
| 856 | 40|ahttp://publications.gc.ca|qPDF|s2.08 Mo|uhttps://publications.gc.ca/collections/collection_2013/aac-aafc/agrhist/A53-882-1958-fra.pdf |